TV Shows Cut Off at 'D' Quiz Stats

 Plays Quiz Updated Jan 7, 2019

Support Sporcle.
Go Orange.
Score 0/24 Timer 06:00
1 Play Today
Cut Off At 'D' TV Show % Correct
HAPPYDAYS
97.3%
MALCOLM IN THE MIDDLE
95.2%
FLASH GORDON
95.1%
THE WALKINGDEAD
94.8%
SONIC THE HEDGEHOG
94%
ARRESTED DEVELOPMENT
92.2%
SEX AND THE CITY
91%
BOSOM BUDDIES
86.1%
AS THE WORLD TURNS
85.4%
THE SIX MILLIONDOLLAR MAN
84.6%
SCANDAL
83.7%
SAY YES TO THEDRESS
82.1%
Cut Off At 'D' TV Show % Correct
NYPD BLUE
82%
MY SO-CALLED LIFE
79.8%
SANFORD AND SON
78.7%
THE BRADY BUNCH
77.8%
THE ROCKFORD FILES
77.8%
GRACE UNDER FIRE
75.4%
MY TWODADS
71.2%
PORTLANDIA
69%
COURAGE THE COWARDLY DOG
64.9%
SANTA CLARITADIET
53.5%
KATHY GRIFFIN: MY LIFE ON THED LIST
49.8%
THE MANY LOVES OFDOBIE GILLIS
27.4%

From the Vault

Which Poker Hand?

by strokes_static

Gaming 60s
Get ready for Vegas!
Remove Ads.
Support Sporcle.
Get the best of Sporcle when you Go Orange. This ad-free experience offers more features, more stats, and more fun while also helping to support Sporcle. Thank you for becoming a member.

Show Comments

Extras

Top Quizzes Today


Score Distribution

Your Account Isn't Verified!

In order to create a playlist on Sporcle, you need to verify the email address you used during registration. Go to your Sporcle Settings to finish the process.

Report this User

Report this user for behavior that violates our Community Guidelines.

Details: